| 000 | 00832nam a2200241 i 4500 | ||
|---|---|---|---|
| 001 | 158207 | ||
| 003 | ES-MaACL | ||
| 005 | 20250804062753.0 | ||
| 008 | 170704s1981 sp |||| | spa d | ||
| 020 | _a84-206-4105-7 | ||
| 100 | 1 |
_aOrtega y Gasset, José, _d1883-1955 _987503 |
|
| 245 | 1 | 1 |
_a¿Qué es filosofía? / _cOrtega y Gasset. |
| 250 | _a2ª ed. en "Obras de José Ortega y Gasset" rev. | ||
| 260 |
_aMadrid : _bRevista de Occidente en Alianza Editorial, _c1981. |
||
| 300 |
_a234 p. ; _c18 cm. |
||
| 490 | 1 |
_aObras de José Ortega y Gasset ; _v5 |
|
| 598 | _aColección editada por Paulino Garagorri. | ||
| 650 | 0 | 7 |
_aFilosofía _2embne _912802 |
| 700 | 1 |
_aGaragorri, Paulino, _d1916-2007 _953911 |
|
| 830 | 1 |
_aObras de José Ortega y Gasset ; _v5 _9181562 |
|
| 852 |
_aES-MaACL _jL-31803 |
||
| 999 |
_c158207 _d158207 |
||